[Event "Makarczyk mem"]
[Site "Lodz"]
[Date "1980.??.??"]
[Round "4"]
[White "Luczak, Andrzej"]
[Black "Zoltek, Tadeusz"]
[Result "0-1"]
[WhiteElo "2430"]
[BlackElo "2345"]

1.c4 e6 2.Nc3 d5 3.d4 Nf6 4.Nf3 Be7 5.Bf4 O-O 6.e3 c6 7.Qc2 Nbd7 8.cxd5 exd5
9.Bd3 Re8 10.O-O-O Nf8 11.h3 Be6 12.Kb1 Qa5 13.Ng5 Rac8 14.Nxe6 fxe6 15.Rc1 N6d7
16.Qa4 Qxa4 17.Nxa4 Bf6 18.Nc5 Nxc5 19.Rxc5 e5 20.dxe5 Bxe5 21.Bxe5 Rxe5
22.Rd1 Rce8 23.b4 a6 24.Kb2 Nd7 25.Rc2 Rf8 26.Kc3 Re7 27.Kd4 Nb6 28.Re1 g6
29.h4 Kg7 30.Rh1 Ref7 31.f4 Re8 32.g4 Rfe7 33.Rh3 Nd7 34.h5 Nf8 35.hxg6 Ne6+
36.Kc3 hxg6 37.Rf2 Rf7 38.f5 Ng5 39.Rg3 Ne4+ 40.Bxe4 Rxe4 41.a3 gxf5 42.gxf5+ Kf6
43.Rg6+ Ke7 44.Rf3 Kd7 45.Kb3 Kc7 46.Kc3 Rc4+ 47.Kb3 Rh4 48.Re6 Kd7 49.Re5 Re7
50.Rxe7+ Kxe7 51.Rg3 Kf6 52.Rg6+ Kxf5 53.Rg7 b5 54.Kc3 Rc4+ 55.Kd3 a5 56.bxa5 Ke6
57.a6 Kd6 58.a7 Ra4 59.Rb7 Rxa3+ 60.Kc2 Kc5 61.Kb2 b4 62.Kc2 Kc4 63.Kb2 c5
64.Rd7 Ra6 65.Rb7 Ra5 66.Rd7 b3 67.Kb1 Ra2 68.Rc7 Kb4 69.Rd7 c4 70.Rh7 c3
71.Rc7 Ra6 72.Rb7+ Kc4 73.Rc7+ Kd3 74.Rd7 Kxe3 75.Rxd5 Rxa7 76.Rc5 Kd3 77.Rc8 Rh7
78.Rd8+ Kc4 79.Rc8+ Kd4 80.Rd8+ Ke5  0-1

[Event "Lone Pine"]
[Site "Lone Pine"]
[Date "1980.??.??"]
[Round "9"]
[White "Youngworth, Perry"]
[Black "Raicevic, Vladimir"]
[Result "0-1"]
[WhiteElo "2290"]
[BlackElo "2390"]

1.d4 e6 2.c4 d5 3.Nc3 Nf6 4.Nf3 Be7 5.Bf4 dxc4 6.e3 Nd5 7.Bxc4 Nxf4 8.exf4 O-O
9.Bd3 Nd7 10.Qe2 Nf6 11.O-O-O Nd5 12.Nxd5 exd5 13.Ne5 Bd6 14.h4 Qf6 15.Qf3 Bf5
16.g3 c6 17.Kb1 Rfe8 18.h5 Re7 19.g4 Bxd3+ 20.Rxd3 Rae8 21.Re3 Bc7 22.Rd1 Qd6
23.h6 Qxh6 24.Rh1 Qf6 25.Qh3 h6 26.g5 Qxf4 27.gxh6 Bxe5 28.dxe5 Qxh6 29.Qxh6 gxh6
30.Rg3+ Kh7 31.f4 Re6 32.Rgh3 Kg7 33.Kc2 Rg6 34.Kc3 Rg4 35.Rf1 Kg6 36.Kd3 h5
37.Ke3 h4 38.Kf3 Kf5 39.Ke3 Reg8  0-1

[Event "DDR-ch 29th"]
[Site "Plauen"]
[Date "1980.??.??"]
[Round "1"]
[White "Paehtz, Thomas Sr"]
[Black "Boehnisch, Manfred"]
[Result "0-1"]
[WhiteElo "2380"]
[BlackElo "2355"]

1.Nf3 d5 2.c4 e6 3.d4 Nf6 4.Nc3 Be7 5.Bf4 O-O 6.e3 b6 7.cxd5 Nxd5 8.Nxd5 exd5
9.Bd3 c5 10.O-O Nc6 11.Rc1 c4 12.Bb1 Bg4 13.e4 b5 14.Re1 Bxf3 15.Qxf3 Nxd4
16.Qh3 Bb4 17.Be5 Bxe1 18.Rxe1 Ne6 19.exd5 Ng5 20.Qg3 f6 21.Bc3 Re8 22.Rxe8+ Qxe8
23.h4 Ne4 24.Bxe4 Qxe4 25.d6 Kf7 26.Ba5 Qd3 27.Qf4 Re8 28.Bc7 Re1+ 29.Kh2 Re4
30.Qxe4 Qxe4 31.d7 Qxh4+ 32.Kg1 Qd4 33.d8=Q Qxb2 34.Qd7+ Kg6 35.g4 Qb1+ 36.Kg2 Qe4+
37.Kg3 a6 38.f3 Qe1+ 39.Kf4 c3 40.Qf5+ Kf7 41.Qd7+ Kg6 42.Qf5+ Kf7 43.Qd5+ Qe6
44.Qxe6+ Kxe6 45.Ke4 b4 46.Kd3 Kd5 47.Ba5 Kc5 48.f4 Kb5 49.Bd8 Ka4 50.Kc2 Ka3
51.Kb1 c2+ 52.Kc1 Kxa2 53.Ba5 b3 54.Bc3 a5  0-1

[Event "Rilton Cup"]
[Site "Stockholm"]
[Date "1980.??.??"]
[Round "?"]
[White "Eriksson, Anders"]
[Black "Fries Nielsen, Jens Ove"]
[Result "0-1"]
[WhiteElo "2200"]
[BlackElo "2355"]

1.d4 Nf6 2.c4 e6 3.Nc3 d5 4.Nf3 Be7 5.Bf4 O-O 6.e3 b6 7.cxd5 exd5 8.Be2 Bb7
9.h3 Nbd7 10.O-O a6 11.Rc1 c5 12.dxc5 bxc5 13.Qc2 Qa5 14.Rfd1 Rfd8 15.Qa4 Qb6
16.Rd2 c4 17.Qc2 Nc5 18.Rdd1 Nfe4 19.Nxe4 Nxe4 20.Nd2 Nxd2 21.Rxd2 Qa5 22.a3 Bf6
23.e4 c3 24.bxc3 dxe4 25.Qb3 Rxd2 26.Bxd2 Qc7 27.Rb1 Bc6 28.Qb6 Qc8 29.Bxa6 Qd7
30.Be3 Bd8 31.Qd4 Qxd4 32.Bxd4 Rxa6 33.Bc5 h5  0-1

[Event "CSR-ch"]
[Site "Trnava"]
[Date "1980.??.??"]
[Round "3"]
[White "Ftacnik, Lubomir"]
[Black "Prandstetter, Eduard"]
[Result "1-0"]
[WhiteElo "2470"]
[BlackElo "2445"]

1.d4 d5 2.c4 e6 3.Nf3 Nf6 4.Nc3 Be7 5.Bf4 O-O 6.e3 Nbd7 7.cxd5 Nxd5 8.Nxd5 exd5
9.Bd3 c5 10.O-O c4 11.Bc2 Nf6 12.Ne5 Be6 13.b3 cxb3 14.axb3 Nd7 15.Qb1 f5
16.Nd3 a5 17.Rc1 Qb6 18.Bg3 g6 19.Bd1 Rfc8 20.Qa2 Rxc1 21.Rxc1 Bd6 22.b4 Bxg3
23.hxg3 Qd8 24.bxa5 Rxa5 25.Qb3 b6 26.Bf3 Bf7 27.Nb4 Qa8 28.Qc3 Nf6 29.Qc7 Ra1
30.Rxa1 Qxa1+ 31.Kh2 Ne4 32.Bxe4 dxe4 33.Qxb6 Qe1 34.Qb8+ Kg7 35.Qe5+ Kg8
36.Nd5 Bxd5 37.Qxd5+ Kg7 38.Qe5+ Kg8 39.Qe8+ Kg7 40.Qe7+ Kg8 41.Qe8+  1-0

[Event "Baden"]
[Site "Vienna"]
[Date "1980.??.??"]
[Round "10"]
[White "Vaganian, Rafael A"]
[Black "Beliavsky, Alexander G"]
[Result "1/2-1/2"]
[WhiteElo "2590"]
[BlackElo "2590"]

1.d4 d5 2.c4 e6 3.Nc3 Be7 4.Nf3 Nf6 5.Bf4 O-O 6.e3 c5 7.dxc5 Nc6 8.cxd5 exd5
9.Be2 Bxc5 10.O-O Be6 11.Rc1 Bb6 12.Ne5 Ne7 13.Qa4 d4 14.exd4 Qxd4 15.Nf3 Qxa4
16.Nxa4 Bxa2 17.Bd6 Rfe8 18.Ra1 Nf5 19.Bb5 Bc4 20.Bxe8 Rxe8 21.Rfd1 Bb3 22.Nxb6 Bxd1
23.Rxd1  1/2-1/2

[Event "Vrbas"]
[Site "Vrbas"]
[Date "1980.??.??"]
[Round "?"]
[White "Miles, Anthony J"]
[Black "Ivkov, Borislav"]
[Result "1-0"]
[WhiteElo "2545"]
[BlackElo "2530"]

1.d4 Nf6 2.c4 e6 3.Nf3 d5 4.Nc3 Be7 5.Bf4 O-O 6.e3 c5 7.dxc5 Bxc5 8.a3 Nc6
9.Be2 a6 10.Qc2 dxc4 11.Bxc4 Be7 12.Rd1 Qa5 13.O-O h6 14.Ba2 Bd7 15.Nd2 Rac8
16.Nc4 Qc5 17.Na4 Qb5 18.Nab6 Na5 19.Nxc8 Rxc8 20.Rc1 Nd5 21.b4 Nxf4 22.exf4 Nxc4
23.Bxc4 Qh5 24.Qd1 Qxd1 25.Rfxd1 Ba4 26.Be2 Rb8 27.Rd3 g5 28.Bf3 gxf4 29.Rc7 Bf6
30.Bxb7 Bb5 31.Rd2 Kg7 32.Bf3 Be5 33.Rc5 Kf6 34.Be2 Rb6 35.Bxb5 axb5 36.Kf1 Bd6
37.Rc3 e5 38.g3 fxg3 39.hxg3 Ke6 40.g4 Ra6 41.Rh3 Bf8 42.Rd8 Bd6 43.Rxh6+ Ke7
44.Rb8  1-0

[Event "Yerevan"]
[Site "Yerevan"]
[Date "1980.??.??"]
[Round "15"]
[White "Tukmakov, Vladimir B"]
[Black "Petrosian, Arshak B"]
[Result "1/2-1/2"]
[WhiteElo "2560"]
[BlackElo "2435"]

1.c4 e6 2.Nc3 d5 3.d4 Be7 4.Nf3 Nf6 5.Bf4 c6 6.e3 Nbd7 7.h3 O-O 8.a3 b6 9.cxd5 Nxd5
10.Nxd5 exd5 11.Rc1 Bb7 12.Bd3 c5 13.O-O c4 14.Bb1 b5 15.Qc2 g6 16.Rfe1  1/2-1/2

[Event "BCF-ch"]
[Site "Morecambe"]
[Date "1981.08.07"]
[Round "5"]
[White "Lewis, Andrew P"]
[Black "Clarke, Peter H"]
[Result "1-0"]
[WhiteElo "2200"]
[BlackElo "2320"]

1.c4 e6 2.Nc3 d5 3.d4 Be7 4.Nf3 Nf6 5.Bf4 c6 6.e3 b6 7.cxd5 Nxd5 8.Bg3 O-O
9.Rc1 Bb7 10.Bc4 Nxc3 11.bxc3 c5 12.O-O Nc6 13.Qe2 Bd6 14.Rfd1 Bxg3 15.hxg3 Qe7
16.e4 Na5 17.Bd3 Rac8 18.Qe3 h6 19.Qf4 Rfd8 20.g4 Qf6 21.Qg3 Qe7 22.g5 hxg5
23.Nxg5 f6 24.Nf3 Rc7 25.d5 Rcd7 26.c4 Bc8 27.e5 exd5 28.Bg6 dxc4 29.Re1 f5
30.e6 Rb7 31.Qh3 Bxe6 32.Qh7+ Kf8 33.Qh8+ Bg8 34.Rxe7 Rxe7 35.Ng5  1-0

[Event "Amsterdam"]
[Site "Amsterdam"]
[Date "1981.??.??"]
[Round "?"]
[White "Langeweg, Kick"]
[Black "Hort, Vlastimil"]
[Result "1/2-1/2"]
[WhiteElo "2455"]
[BlackElo "2575"]

1.d4 Nf6 2.Nf3 e6 3.c4 d5 4.Nc3 Be7 5.Bf4 O-O 6.e3 b6 7.cxd5 exd5 8.Be2 Be6
9.Ne5 Nfd7 10.O-O Nxe5 11.Bxe5 c6 12.Rc1 Nd7 13.Bg3 a5 14.Bd3 Re8 15.Ne2 c5
16.Bb5 Qc8 17.Nf4 Rd8 18.dxc5 Nxc5 19.b3 Qb7 20.Qe2 Rac8 21.Nxe6 fxe6 22.Qg4  1/2-1/2

[Event "Athens tt"]
[Site "Athens"]
[Date "1981.??.??"]
[Round "?"]
[White "Gheorghiu, Florin"]
[Black "Soylu, Suat"]
[Result "1-0"]
[WhiteElo "2545"]
[BlackElo "2235"]

1.d4 Nf6 2.c4 e6 3.Nf3 d5 4.Nc3 Be7 5.Bf4 O-O 6.e3 c5 7.dxc5 Nc6 8.cxd5 exd5
9.Be2 Bxc5 10.O-O Be6 11.Rc1 Bb6 12.Qa4 Bd7 13.Rfd1 Nd4 14.Qb4 a5 15.Qa3 Nxe2+
16.Nxe2 Bg4 17.Ned4 Rc8 18.h3 Bh5 19.Nf5 Rxc1 20.Rxc1 Kh8 21.Ne7 Qa8 22.Qd6 Bxf3
23.Qxb6 Be2 24.Rc7 h6 25.Be5 Qa6 26.Rxb7 Qxb6 27.Rxb6 Ng8 28.Nxd5 Bc4 29.Nc3 Ra8
30.Bd4 Kh7 31.b3 Be6 32.Rb7 f6 33.f4 Bc8 34.Rc7  1-0

[Event "Baden-Baden"]
[Site "Baden-Baden"]
[Date "1981.??.??"]
[Round "?"]
[White "Ribli, Zoltan"]
[Black "Unzicker, Wolfgang"]
[Result "1/2-1/2"]
[WhiteElo "2590"]
[BlackElo "2505"]

1.c4 Nf6 2.Nc3 e6 3.Nf3 d5 4.d4 Be7 5.Bf4 O-O 6.e3 c5 7.dxc5 Bxc5 8.cxd5 exd5
9.Be2 Nc6 10.O-O Be6 11.Rc1 Rc8 12.Qa4 a6 13.Rfd1 Qb6 14.Qc2 Be7 15.Ne5 Rfd8
16.Bf3 Na7 17.Qe2 Qa5 18.h3 h6 19.a3 Nc6 20.Rc2 Bd6 21.Nxc6 bxc6 22.Bxd6 Rxd6
23.e4 Rdd8 24.exd5 cxd5 25.Rcd2 Rb8 26.Rd4 Rd6 27.R1d2 Qc7 28.Qe5 Re8 29.Qf4 Red8
30.h4 Qb8 31.b4 Qc8 32.R2d3 R8d7 33.Nd1 Rc6 34.Ne3 Rc3 35.g4 Rxd3 36.Rxd3 d4
37.Rxd4 Qc1+ 38.Kg2 Rxd4 39.Qxd4 Qxa3 40.Be2 Nd7 41.Nf5 Bxf5 42.gxf5 Qa4
43.Qd6 Qc2 44.Bd3 Qd1 45.Qg3 Qb3 46.f6 g6 47.Qd6 Nxf6 48.Bxa6 Qd5+ 49.Qxd5 Nxd5  1/2-1/2

[Event "Biel"]
[Site "Biel"]
[Date "1981.??.??"]
[Round "?"]
[White "Stean, Michael"]
[Black "Toth, Bela"]
[Result "1-0"]
[WhiteElo "2490"]
[BlackElo "2400"]

1.c4 e6 2.Nf3 Nf6 3.Nc3 d5 4.d4 Be7 5.Bf4 O-O 6.e3 c5 7.dxc5 Bxc5 8.Qc2 Nc6
9.Rd1 Qe7 10.a3 Rd8 11.Be2 dxc4 12.Rxd8+ Qxd8 13.O-O Bd7 14.Bxc4 a6 15.Rd1 Be7
16.h3 Rc8 17.Qe2 Qa5 18.e4 Be8 19.e5 Nd7 20.Ne4 Ndxe5 21.Nxe5 Nxe5 22.b4 Qc7
23.Bb3 Bb5 24.Qh5 Bf6 25.Re1 Bd3 26.Nc5 Bf5 27.Qe2 b6 28.Na4 Bc2 29.Bxc2 Qxc2
30.Qxc2 Rxc2 31.Bxe5 Ra2 32.Bxf6 gxf6 33.Re3  1-0

[Event "Eksjo"]
[Site "Eksjo"]
[Date "1981.??.??"]
[Round "2"]
[White "Spassov, Liuben"]
[Black "Nun, Josef"]
[Result "1/2-1/2"]
[WhiteElo "2460"]
[BlackElo "2390"]

1.Nf3 d5 2.d4 e6 3.c4 Nf6 4.Nc3 Be7 5.Bf4 c6 6.e3 Nbd7 7.h3 Ne4 8.Bd3 f5
9.Qc2 Ndf6 10.Ne5 Qa5 11.O-O Qd8 12.f3 Nd6 13.Rad1 dxc4 14.Nxc4 Nd5 15.Bxd6 Bxd6
16.Nxd5 cxd5 17.Qa4+ Kf7 18.Nxd6+ Qxd6 19.e4 Bd7 20.Qb3 g6 21.exd5 exd5 22.Rfe1 b6
23.Re5 Bc6 24.f4 Qd7 25.Rde1 Rhe8 26.Qd1 Rxe5 27.fxe5 Re8 28.Qe2 Kg7 29.Rc1 Rc8
30.Qe3 Bb7 31.Rf1 Rf8 32.b3 Qe7 33.a4 Bc8 34.Be2 Be6 35.Rc1 Rc8 36.Rxc8 Bxc8
37.Qc3 Be6 38.Qc6 Qd7 39.Qc3 Qc8 40.Qxc8 Bxc8 41.Bf3 Be6 42.g4 fxg4  1/2-1/2

[Event "DDR-ch (Women)"]
[Site "Fuerstenwalde"]
[Date "1981.??.??"]
[Round "13"]
[White "Just, Gabriele"]
[Black "Bade, Heidrun"]
[Result "1/2-1/2"]
[WhiteElo "2060"]
[BlackElo "2000"]

1.d4 d5 2.c4 e6 3.Nf3 Nf6 4.Nc3 Be7 5.Bf4 O-O 6.e3 Nbd7 7.Rc1 b6 8.cxd5 exd5
9.Bd3 c5 10.O-O a6 11.Ne5 Bb7 12.Qf3 Re8 13.Rfd1 Bd6 14.Nxf7 Kxf7 15.Bxd6 Kg8
16.Qf5 c4 17.Bb1 Nf8 18.Be5 Qe7 19.b3 N6d7 20.Bg3 Qf6 21.Na4 b5 22.Qxf6 gxf6
23.Nc5 Nxc5 24.dxc5 Nd7 25.Bd6 Ne5 26.Bf5 a5 27.Rd4 Bc6 28.Rh4 Ra7 29.h3 Rg7
30.Rh6 d4 31.g4 Nf3+ 32.Kf1 d3 33.Rxf6 Nd2+ 34.Ke1 Nf3+ 35.Kd1 Bd5 36.bxc4 bxc4
37.e4 Rf7 38.Rxf7 Kxf7 39.Bf4 Bxe4 40.Bxe4 Rxe4 41.Be3 Ke6 42.Rb1 c3 43.Rb6+ Kd5
44.Rd6+ Kc4 45.c6 Re8 46.c7 Rc8 47.Rc6+ Kb4 48.Rf6 c2+ 49.Kc1 Ng1 50.Kb2  1/2-1/2

[Event "Gausdal Int"]
[Site "Gausdal"]
[Date "1981.??.??"]
[Round "7"]
[White "Hartung Nielsen, Jens"]
[Black "Manne, P."]
[Result "1-0"]
[WhiteElo "2220"]
[BlackElo "2200"]

1.d4 Nf6 2.Nf3 e6 3.c4 d5 4.Nc3 Be7 5.Bf4 O-O 6.e3 c5 7.dxc5 Bxc5 8.a3 a6
9.cxd5 Nxd5 10.Nxd5 exd5 11.Be2 Nc6 12.O-O Ba7 13.Qc2 Be6 14.Ng5 d4 15.Qxh7+  1-0

[Event "DSV-Turnier"]
[Site "Halle"]
[Date "1981.??.??"]
[Round "4"]
[White "Tischbierek, Raj"]
[Black "Lechtynsky, Jiri"]
[Result "1/2-1/2"]
[WhiteElo "2380"]
[BlackElo "2455"]

1.d4 Nf6 2.c4 e6 3.Nf3 d5 4.Nc3 Be7 5.Bf4 O-O 6.e3 c5 7.dxc5 Bxc5 8.cxd5 exd5
9.Be2 Nc6 10.O-O Be6 11.Rc1 Rc8 12.Nb5 Be7 13.Nfd4 Qb6 14.Nxe6 fxe6 15.Nd4 Nxd4
16.Qxd4 Bc5 17.Qe5 Ne4 18.Bg4 Rce8 19.b3 Bd6 20.Qh5 Bxf4 21.exf4 e5 22.Bf3 Nf6
23.Qg5 e4 24.Bh5 Re7 25.Rc2 d4 26.Rfc1 h6 27.Qh4 d3 28.Rc8 Rd8 29.Qh3 Rd7
30.Bd1 d2 31.R1c3 Qd4 32.Qe6+ Kh7 33.Rxd8 Rxd8 34.Qc4 Qb6 35.Kf1 Rd4 36.Qf7 Qa6+
37.Rc4 Rxc4 38.Qxc4 Qxa2 39.Ke2 Qa5 40.Bc2 Qf5 41.g3  1/2-1/2

[Event "Hamburg op"]
[Site "Hamburg"]
[Date "1981.??.??"]
[Round "4"]
[White "Velikov, Petar"]
[Black "Busch, Raimund"]
[Result "1-0"]
[WhiteElo "2460"]
[BlackElo "2255"]

1.c4 e6 2.Nf3 Nf6 3.d4 d5 4.Nc3 Be7 5.Bf4 O-O 6.e3 c5 7.dxc5 Bxc5 8.Qc2 dxc4
9.Bxc4 Nc6 10.a3 Qe7 11.O-O h6 12.Ne5 Nxe5 13.Bxe5 Ng4 14.Bg3 Bd6 15.Rfd1 Bxg3
16.hxg3 Bd7 17.Rd4 Nf6 18.Rad1 Rfc8 19.Ba2 Bc6 20.Qd2 Rc7 21.Qd3 Rd7 22.Rxd7 Qxd7
23.Qc4 Qe7 24.Qd4 b6 25.e4 Qd7 26.Qe5 Qb7 27.f3 Rc8 28.g4 Qc7 29.Qd4 Qd7
30.Qe3 Qc7 31.e5 Nd7 32.Rd6 Nc5 33.g5 Nb7 34.Rd4 Rd8 35.gxh6 Rxd4 36.Qxd4 gxh6
37.Qg4+ Kf8 38.Qf4 Kg7 39.Qf6+ Kg8 40.Bb1 Qd8 41.Qxh6 Qd4+ 42.Kh1 Be8 43.Bh7+ Kh8
44.Be4+ Kg8 45.Qg5+ Kf8 46.Bxb7 Qf2 47.Ne4 Qxb2 48.Nf6 Qb1+ 49.Kh2 Bb5 50.Be4 Qe1
51.Nh5 Qc3 52.Qd8+ Be8 53.Qd6+ Kg8 54.Nf6+  1-0

[Event "NLD-ch"]
[Site "Leeuwarden"]
[Date "1981.??.??"]
[Round "12"]
[White "Ree, Hans"]
[Black "Donner, Jan Hein"]
[Result "1-0"]
[WhiteElo "2485"]
[BlackElo "2475"]

1.d4 Nf6 2.c4 e6 3.Nf3 d5 4.Nc3 Be7 5.Bf4 O-O 6.e3 b6 7.Rc1 Bb7 8.cxd5 exd5
9.Be2 c5 10.O-O Nc6 11.Ne5 Nxe5 12.Bxe5 Ne4 13.Nxe4 dxe4 14.Qa4 Bf6 15.Bxf6 Qxf6
16.dxc5 bxc5 17.Qb5 Qb6 18.Rc2 Rac8 19.Rfc1 Rfd8 20.g3 g6 21.b3 Rd5 22.b4 Bc6
23.Qa6 Bb7 24.Qa3 Rcd8 25.bxc5 Qf6 26.c6 Ba8 27.c7 Rf8 28.Qxa7 Qe5 29.Rc5 Qb2
30.R5c2 Qe5 31.Qb6 h6 32.h4 Rd6 33.Qb2 Qf5 34.Rd2 Rf6 35.Bf1 g5 36.hxg5 Qxg5
37.Rd8 h5 38.Qb4  1-0

[Event "Lone Pine op"]
[Site "Lone Pine"]
[Date "1981.??.??"]
[Round "?"]
[White "Seirawan, Yasser"]
[Black "Christiansen, Larry Mark"]
[Result "1-0"]
[WhiteElo "2555"]
[BlackElo "2515"]

1.c4 e6 2.Nc3 d5 3.d4 Nf6 4.Nf3 Be7 5.Bf4 O-O 6.e3 b6 7.cxd5 Nxd5 8.Nxd5 exd5
9.Bd3 Bb4+ 10.Ke2 Bd6 11.Bxd6 Qxd6 12.Qc2 Ba6 13.Rhd1 Bxd3+ 14.Rxd3 Na6 15.a3 c5
16.dxc5 Nxc5 17.Rc3 a5 18.b3 Rae8 19.Kf1 f5 20.g3 f4 21.exf4 d4 22.Qd1 Re4
23.b4 Ne6 24.bxa5 bxa5 25.Rac1 Qd7 26.Ng1 Rd8 27.Rc4 Qd5 28.Qd3 Qf5 29.Qf3 Rf8
30.Rc8 d3 31.Rxf8+ Nxf8 32.Rd1 Rd4 33.Qe3 Ne6 34.Nf3 Rd8 35.Ne5 Qh5 36.Rxd3 Qxh2
37.Rxd8+ Nxd8 38.Qb3+ Kf8 39.Qd5 Qh3+ 40.Kg1 Qc8 41.Qxa5 Ne6 42.Qd5 Ke7 43.a4 Qc7
44.a5  1-0

[Event "Lone Pine op"]
[Site "Lone Pine"]
[Date "1981.??.??"]
[Round "?"]
[White "Ree, Hans"]
[Black "Pfleger, Helmut"]
[Result "1/2-1/2"]
[WhiteElo "2485"]
[BlackElo "2505"]

1.d4 d5 2.c4 e6 3.Nf3 Nf6 4.Nc3 Be7 5.Bf4 O-O 6.e3 c5 7.dxc5 Bxc5 8.Qc2 Nc6
9.Rd1 Qa5 10.a3 Be7 11.Nd2 e5 12.Bg5 d4 13.Nb3 Qd8 14.Be2 Ng4 15.Bxe7 Qxe7
16.exd4 Qh4 17.g3 Qh3 18.d5 Nd4 19.Nxd4 exd4 20.Rxd4 Re8 21.Re4 Bd7 22.Bf1 Qh6
23.Be2 Qh3 24.Bf1 Qh6 25.Be2  1/2-1/2

[Event "POL-chT"]
[Site "Lubniewice"]
[Date "1981.??.??"]
[Round "5"]
[White "Czarska, K."]
[Black "Sikora Gizynska, Bozena"]
[Result "1/2-1/2"]
[WhiteElo "2200"]
[BlackElo "2035"]

1.d4 Nf6 2.c4 e6 3.Nc3 d5 4.Nf3 Be7 5.Bf4 a6 6.e3 O-O 7.Be2 Nbd7 8.cxd5 exd5
9.O-O Re8 10.Qb3 Nf8 11.Rac1 c6 12.Ne5 Bd6 13.Nd3 Ng6 14.Bxd6 Qxd6 15.h3 Ne4
16.Qd1 Ng5 17.Bg4 Bxg4 18.Qxg4 Ne4 19.Qd1 Re7 20.Ne1 f5 21.Nf3 f4 22.Re1 Rf8
23.Qc2 Qf6 24.exf4 Qxf4 25.Nxe4 Rxe4 26.Rxe4 dxe4 27.Nh2 Qf6 28.Qb3+ Kh8
29.Qe3 Qe6 30.b3 Re8 31.Re1 Nf8 32.Ng4 Nd7 33.f3 Qg6 34.fxe4 h5 35.Nf2 Nf6
36.e5 Nd5 37.Qe4 Qe6 38.Qf3 g6 39.Ne4 Kg7 40.Ng5 Qe7 41.Ne4 Rf8 42.Qg3 Rf4
43.Qd3 Qb4 44.Rf1 Rxf1+ 45.Kxf1 Nf4 46.Qd2 Qf8 47.Kg1 Nd5 48.Nc5 Qe7 49.Kh2 Kh7
50.Qf2 a5 51.Ne4 Kg7 52.Nd6 b6 53.Qg3 Kh7 54.Qf3 Kg7 55.Nc8 Qf7 56.Qxf7+ Kxf7
57.Nd6+ Ke6 58.Kg3 Nc3 59.Nc4 Nxa2 60.Nxb6 Nc1 61.Kf4 Nxb3 62.Ke4 Nd2+ 63.Ke3 Nf1+
64.Kf2 Nd2 65.Ke3 Nb3 66.Ke4 h4 67.Na4 Nd2+ 68.Ke3 Nf1+ 69.Kf2 Ng3 70.Ke3 g5
71.Nb6 Nh5 72.Kf3 Nf4 73.Kg4  1/2-1/2

[Event "Lvov"]
[Site "Lvov"]
[Date "1981.??.??"]
[Round "9"]
[White "Petrosian, Arshak B"]
[Black "Beliavsky, Alexander G"]
[Result "1/2-1/2"]
[WhiteElo "2495"]
[BlackElo "2620"]

1.d4 d5 2.c4 e6 3.Nf3 Nf6 4.Nc3 Be7 5.Bf4 O-O 6.e3 c5 7.dxc5 Bxc5 8.cxd5 Nxd5
9.Nxd5 exd5 10.Bd3 Bb4+ 11.Ke2 Bd6 12.Bxd6 Qxd6 13.Qc2 g6 14.Rac1 Bg4 15.Qc5 Qe5
16.Qc3 Qh5 17.Qf6 Nd7 18.Qf4 Rac8 19.Rxc8 Rxc8 20.Rd1 Ne5 21.h3 Bxf3+ 22.gxf3 Rd8
23.Be4 Nc6 24.Qf6 h6 25.h4 dxe4 26.Rxd8+ Nxd8 27.Qxd8+ Kh7 28.Qf6 exf3+ 29.Qxf3 Qb5+
30.Kd1 Kg7 31.b3 Qa6 32.Ke1 b6 33.Qe2 Qc8 34.Qb2+ Kg8 35.Qd4 Qc1+ 36.Ke2 Qc2+
37.Qd2 Qe4 38.Qd8+ Kg7 39.Kf1 Qc6 40.Kg1 Qf6 41.Qc7 Qxh4 42.Qxa7 Qg4+ 43.Kh2 Qf3
44.Kg1 Qd1+ 45.Kg2 Qd5+ 46.Kg1 b5 47.Qa5  1/2-1/2

[Event "Moscow-4teams"]
[Site "Moscow"]
[Date "1981.??.??"]
[Round "?"]
[White "Tal, Mihail"]
[Black "Averbakh, Yuri L"]
[Result "1/2-1/2"]
[WhiteElo "2555"]
[BlackElo "2490"]

1.c4 e6 2.Nf3 d5 3.d4 Nf6 4.Nc3 Be7 5.Bf4 O-O 6.e3 b6 7.cxd5 exd5 8.Bd3 c5
9.Ne5 Bb7 10.Qf3 Nc6 11.O-O cxd4 12.Nxc6 Bxc6 13.exd4 Qd7 14.h3 Rfe8 15.Rad1 Bd6
16.Rfe1 Rxe1+ 17.Rxe1 Re8 18.Rxe8+ Nxe8 19.Bxd6 Qxd6  1/2-1/2

[Event "Pamporovo"]
[Site "Pamporovo"]
[Date "1981.??.??"]
[Round "10"]
[White "Lukacs, Peter"]
[Black "Radulov, Ivan"]
[Result "1/2-1/2"]
[WhiteElo "2465"]
[BlackElo "2460"]

1.d4 d5 2.c4 e6 3.Nc3 Nf6 4.Nf3 Be7 5.Bf4 O-O 6.e3 c5 7.dxc5 Bxc5 8.cxd5 Nxd5
9.Nxd5 exd5 10.a3 Nc6 11.Bd3 Bd6 12.Bxd6 Qxd6 13.O-O Qf6  1/2-1/2

[Event "Nordic-ch"]
[Site "Reykjavik"]
[Date "1981.??.??"]
[Round "?"]
[White "Schussler, Harry"]
[Black "Heim, Sverre"]
[Result "1/2-1/2"]
[WhiteElo "2495"]
[BlackElo "2430"]

1.d4 d5 2.Nf3 Nf6 3.c4 e6 4.Nc3 Be7 5.Bf4 O-O 6.e3 c5 7.dxc5 Bxc5 8.cxd5 exd5
9.Be2 Nc6 10.O-O Be6 11.Rc1 Bb6 12.Na4 Ne4 13.Ne5 Nxe5 14.Bxe5 Qg5 15.Nxb6 axb6
16.f4 Qg6 17.a3 Rfc8 18.Rxc8+ Rxc8 19.Bh5 Qh6 20.Bf3 Qg6 21.Bh5 Qh6 22.Bf3 Qg6
23.Bd4 Bd7 24.Qe2 Rc6 25.Rd1 h6 26.Be5 Rc5 27.b4 Rc8 28.Rxd5 Bc6 29.Bxe4 Qxe4
30.Rd4 Qb1+ 31.Rd1  1/2-1/2

[Event "Riga"]
[Site "Riga"]
[Date "1981.??.??"]
[Round "9"]
[White "Bagirov, Vladimir"]
[Black "Petrosian, Arshak B"]
[Result "1/2-1/2"]
[WhiteElo "2505"]
[BlackElo "2495"]

1.c4 e6 2.Nc3 d5 3.d4 Be7 4.Nf3 Nf6 5.Bf4 c6 6.e3 Nbd7 7.h3 O-O 8.Qc2 a6
9.Rd1 b5 10.c5 b4 11.Na4 a5 12.Bd3 Ba6 13.Bxa6 Rxa6 14.O-O Qc8 15.Ne1 Bd8
16.Nd3 Bc7 17.a3 bxa3 18.bxa3 Re8 19.Qb2 Bxf4 20.exf4 Qc7 21.Rb1 Rb8 22.Qc2 Ra7
23.Rxb8+ Qxb8 24.Rb1 Rb7 25.Rb2 h6 26.Ne5 Nxe5 27.fxe5 Nd7 28.Qb1 Rxb2 29.Qxb2 Qc7
30.Nb6 Nf8 31.Qc3 Qa7 32.Kh2 Ng6 33.Nc8 Qa6 34.Nd6 Qe2 35.Qe3 Qa6 36.Qf3 Qa7
37.a4 Nh4 38.Qb3 Qa6 39.Qb8+ Kh7 40.Qd8 Ng6 41.Nb5 cxb5 42.Qd6 Qa7 43.axb5 Ne7
44.Qb6 Nc8  1/2-1/2

[Event "Santiago"]
[Site "Santiago"]
[Date "1981.??.??"]
[Round "4"]
[White "Garcia Palermo, Carlos"]
[Black "Guimard, Carlos E"]
[Result "1/2-1/2"]
[WhiteElo "2460"]
[BlackElo "2400"]

1.d4 Nf6 2.c4 e6 3.Nc3 d5 4.Nf3 Be7 5.Bf4 O-O 6.e3 c6 7.h3 b6 8.Rc1 Bb7 9.cxd5 Nxd5
10.Nxd5 exd5 11.Bd3 Nd7 12.O-O c5 13.b3 Re8 14.Ne5 Nxe5 15.Bxe5 Bf8 16.Qg4 a6
17.h4 b5 18.Qh5 g6 19.Qf3 Rxe5 20.dxe5 Qxh4 21.a4 Re8 22.axb5 axb5 23.Bxb5 Rxe5
24.Qf4 Qe7 25.Qa4 Rg5 26.Rfe1  1/2-1/2

[Event "BUL-ch"]
[Site "Sofia"]
[Date "1981.??.??"]
[Round "1"]
[White "Georgiev, Kiril"]
[Black "Toshkov, Tihomir"]
[Result "1/2-1/2"]
[WhiteElo "2200"]
[BlackElo "2385"]

1.Nf3 d5 2.d4 Nf6 3.c4 e6 4.Nc3 Be7 5.Bf4 O-O 6.e3 b6 7.cxd5 exd5 8.Bd3 c5
9.O-O Bg4 10.h3 Bh5 11.dxc5 bxc5 12.Be2 Nc6 13.Ne5 Bxe2 14.Qxe2 Qb6 15.Rfd1 Rfd8
16.Rac1 Nxe5 17.Bxe5 Qe6 18.Bxf6 Bxf6 19.Qf3 d4 20.Ne4 dxe3 21.Nxf6+ gxf6
22.Qxe3 Qxa2 23.Rxd8+ Rxd8 24.Qe7 Rc8 25.Qxf6 Qe6 26.Qg5+ Qg6 27.Qe7 Kh8
28.Rxc5 Rg8 29.g3 Qb6 30.Kh2 a6 31.Rf5 Qe6 32.Rxf7 Qxe7 33.Rxe7 Rb8 34.Re2 Kg7
35.Kg2 Kf6 36.Kf3 h5 37.h4 Rb3+ 38.Ke4 a5 39.Rc2 Rb4+ 40.Kd3 a4 41.Re2 Kf5
42.Kc2 Rb3 43.Re8 Rf3 44.Kb1 Kg4 45.Re4+ Kh3 46.Rxa4 Rxf2 47.Ra5 Kxg3 48.Rxh5 Rf8
49.Ka2 Kg4 50.Rc5 Kxh4 51.b4 Kg4 52.b5 Kf4 53.Kb3 Ke4 54.Kb4 Rb8 55.Ka5 Kd4
56.Rc7 Kd5 57.b6 Ra8+ 58.Kb5 Kd6 59.b7 Ra5+ 60.Kb6 Rb5+  1/2-1/2

[Event "Tirnava"]
[Site "Trnava"]
[Date "1981.??.??"]
[Round "10"]
[White "Meduna, Eduard"]
[Black "Prandstetter, Eduard"]
[Result "1-0"]
[WhiteElo "2450"]
[BlackElo "2440"]

1.d4 e6 2.c4 Nf6 3.Nf3 Be7 4.Nc3 d5 5.Bf4 O-O 6.e3 Nbd7 7.cxd5 Nxd5 8.Nxd5 exd5
9.Bd3 Bd6 10.Bxd6 cxd6 11.O-O Nf6 12.Qb3 Qe7 13.Nd2 Be6 14.f3 Nh5 15.Rac1 f5
16.Rc3 Rac8 17.Rfc1 Rxc3 18.Rxc3 g6 19.Qc2 Bd7 20.Bf1 Qe6 21.Kf2 Bc6 22.f4 Nf6
23.h3 g5 24.fxg5 Ne4+ 25.Nxe4 fxe4+ 26.Kg1 Qf5 27.Qe2 Qxg5 28.Qg4 Qxg4 29.hxg4 Kg7
30.b4 Rc8 31.b5 Bd7 32.Ra3 Ra8 33.b6 a6 34.Rc3 Bc6 35.Be2 Kf6 36.Kf2 Ke7
37.Kg3 Kd7 38.g5 Rf8 39.Rc1 Rf7 40.Bg4+ Kd8 41.Rh1 Bb5 42.Rh6  1-0

[Event "URS-FL49"]
[Site "Volgodonsk"]
[Date "1981.??.??"]
[Round "17"]
[White "Mikhalchishin, Adrian"]
[Black "Ubilava, Elizbar"]
[Result "1-0"]
[WhiteElo "2545"]
[BlackElo "2455"]

1.d4 d5 2.c4 e6 3.Nc3 Be7 4.Nf3 Nf6 5.Bf4 O-O 6.e3 c5 7.dxc5 Bxc5 8.a3 Nc6
9.b4 Bd6 10.Bxd6 Qxd6 11.Be2 Rd8 12.O-O b6 13.cxd5 Nxd5 14.Nxd5 Qxd5 15.Qxd5 Rxd5
16.Rfd1 Bd7 17.Rxd5 exd5 18.Rc1 a6 19.h3 Kf8 20.Bxa6 Nxb4 21.axb4 Rxa6 22.Rc7 Be8
23.Nd4 g6 24.g4 Ra1+ 25.Kg2 Rb1 26.f4 Rb2+ 27.Kf3 Rxb4 28.f5 Kg7 29.Kf4 h6
30.Ke5 Rc4  1-0

[Event "Vrsac"]
[Site "Vrsac"]
[Date "1981.??.??"]
[Round "6"]
[White "Ftacnik, Lubomir"]
[Black "Kapelan, Milorad"]
[Result "1-0"]
[WhiteElo "2525"]
[BlackElo "2305"]

1.Nf3 d5 2.d4 Nf6 3.c4 e6 4.Nc3 Be7 5.Bf4 O-O 6.e3 b6 7.Rc1 Bb7 8.cxd5 Nxd5
9.Bg3 Nxc3 10.bxc3 c5 11.Bd3 Nd7 12.Qc2 h6 13.O-O Qc8 14.Qe2 a6 15.e4 b5
16.c4 b4 17.d5 Re8 18.Bc2 Bf8 19.Qd3 e5 20.Ba4 Bd6 21.Nh4 g6 22.Qe3 Kg7 23.f4 Qc7
24.fxe5 Bxe5 25.Bxe5+ Rxe5 26.Qg3 Rae8 27.d6  1-0